书目信息 |
| 题名: |
旅游市场营销学
|
|
| 作者: | 刘伟平 , 陈秋华 主编 | |
| 分册: | ||
| 出版信息: | 北京 中国旅游出版社 2005.08 |
|
| 页数: | 325页 | |
| 开本: | 21cm | |
| 丛书名: | ||
| 单 册: | ||
| 中图分类: | F590.8 | |
| 科图分类: | ||
| 主题词: | 旅游市场--lu you shi chang--市场营销学--高等学校--教材 | |
| 电子资源: | ||
| ISBN: | 7-5032-2670-6 | |
| 000 | 01028nam0 2200277 450 | |
| 001 | 012006016303 | |
| 005 | 20060522094151.57 | |
| 010 | @a7-5032-2670-6@dCNY18.00 | |
| 100 | @a20060228d2005 km y0chiy0120 ea | |
| 101 | 0 | @achi |
| 102 | @aCN@b110000 | |
| 105 | @ay a 000yy | |
| 200 | 1 | @a旅游市场营销学@Alu you shi chang ying xiao xue@f刘伟平, 陈秋华主编@Fliu wei ping,chen qiu hua zhu bian |
| 210 | @a北京@c中国旅游出版社@d2005.08 | |
| 215 | @a325页@d21cm | |
| 300 | @a全国高等院校旅游管理专业教材 | |
| 312 | @a英文题名取自封底。 | |
| 320 | @a有书目 (第323-325页)。 | |
| 330 | @a本书对旅游调研与预测、目标市场策略、旅游产品策略、价格策略、分销渠道策略、促销策略以及旅游市场营销组织的计划与控制等做了比较详细的阐述与分析。 | |
| 510 | 1 | @aMarketing for tourism industry@zeng |
| 606 | 0 | @a旅游市场@Alu you shi chang@x市场营销学@x高等学校@j教材 |
| 690 | @aF590.8@v4 | |
| 701 | 0 | @a刘伟平@Aliu wei ping@4主编 |
| 701 | 0 | @a陈秋华@Achen qiu hua@4主编 |
| 801 | 0 | @aCN@bQSSK@c20060522 |
| 905 | @a10447@dF590.8@eL684 | |
| 旅游市场营销学/刘伟平, 陈秋华主编.-北京:中国旅游出版社,2005.08 |
| 325页;21cm |
| 全国高等院校旅游管理专业教材 |
| ISBN 7-5032-2670-6:CNY18.00 |
| 本书对旅游调研与预测、目标市场策略、旅游产品策略、价格策略、分销渠道策略、促销策略以及旅游市场营销组织的计划与控制等做了比较详细的阐述与分析。 |
| ● |
| 相关链接 |
|
|
|
正题名:旅游市场营销学
索取号:F590.8/L684
 
预约/预借
| 序号 | 登录号 | 条形码 | 馆藏地/架位号 | 状态 | 备注 |
| 1 | 559421 | 205594212 | 社科库409/409社科库 39排4列5层/ [索取号:F590.8/L684] | 在馆 | |
| 2 | 559422 | 205594221 | 社科库409/409社科库 39排4列5层/ [索取号:F590.8/L684] | 在馆 |